000 00721cam a2200169 4500
001 WS104591
008 000000n 000 0 eng u
035 _a(Sirsi) u104591
110 2 _aAmerican Institute of Architects
_93839
245 _aArchinet
520 _aSite which describes itself as 'the gateway and host for architects, designers and the construction industry'' set up by the American Institute of Architects in the UK. Includes news, events and links to other relevant sites.
650 _aARCHITECTS
650 _aCONSTRUCTION INDUSTRY
690 _aBUILT ENVIRONMENT
856 4 0 _uhttps://www.archinet.co.uk/index.html
_zView the website free of charge at www.archinet.co.uk/index.html...
942 _n0
999 _c119423
_d119423